| 000 | 00680cam a22002051 4500 | ||
|---|---|---|---|
| 001 | 000005158 | ||
| 005 | 20200929151608.0 | ||
| 008 | 730313m1944 nyu 000 0aeng | ||
| 040 |
_aDO-SdBNP _cDLC _dDLC _dBNPHU |
||
| 082 |
_a921.1 _bS233p |
||
| 100 | 1 |
_aSantayana, George, _d1863-1952. _914756 |
|
| 245 | 1 | 0 |
_aPersons and places / : _bGeorge Santayana. |
| 260 |
_aNew York : _bCharles Scribner´s Sons, _c1944. |
||
| 300 |
_a262 p. ; _c21 cm. |
||
| 500 | _aIncluye índice. | ||
| 600 | 1 | 0 |
_aSantayana, George, _d1863-1952. _914756 |
| 650 | 4 |
_aEstados unidos _xDescripción y viajes _914757 |
|
| 650 | 4 |
_aEspaña _xDescripción y viajes _98737 |
|
| 910 | _aCatalogación por copia / LC | ||
| 999 |
_c4961 _d4961 |
||